Verificación fiscal en los sistemas de contabilidad mecanizada... / (Record no. 40539)

MARC details
000 -LEADER
campo de control de longitud fija 00714nam a2200193 i 4500
001 - NÚMERO DE CONTROL
campo de control 40539
003 - IDENTIFICADOR DE NÚMERO DE CONTROL
campo de control ES-MaACL
005 - FECHA Y HORA DE LA ÚLTIMA TRANSACCIÓN
campo de control 20230906160241.0
007 - CAMPO FIJO DE DESCRIPCIÓN FÍSICA--INFORMACIÓN GENERAL
campo de control de longitud fija t|
008 - DATOS DE LONGITUD FIJA--INFORMACIÓN GENERAL
campo de control de longitud fija 030306s1969 sp ||||1| spa d
100 1# - ENTRADA PRINCIPAL--NOMBRE DE PERSONA
Nombre de persona Carrión Herrero, Pedro.
9 (RLIN) 35812
245 10 - MENCIÓN DEL TÍTULO
Título Verificación fiscal en los sistemas de contabilidad mecanizada... /
Mención de responsabilidad, etc. Pedro y Felipe J. Carrión Herrero.
260 ## - PUBLICACIÓN, DISTRIBUCIÓN, ETC.
Lugar de publicación, distribución, etc. [León] :
Nombre del editor, distribuidor, etc. Mutualidad de Intendentes al Servicio de la Hacienda Pública,
Fecha de publicación, distribución, etc. 1969.
300 ## - DESCRIPCIÓN FÍSICA
Extensión 56 p. ;
Dimensiones 32 cm.
500 ## - NOTA GENERAL
Nota general XXII Asamblea Anual 1969.
700 1# - ENTRADA AGREGADA--NOMBRE PERSONAL
Nombre de persona Carrión Herrero, Felipe J.
9 (RLIN) 35811
710 2# - ENTRADA AGREGADA--NOMBRE DE ENTIDAD CORPORATIVA
Nombre de entidad corporativa o nombre de jurisdicción como elemento de entrada Mutualidad de Intendentes al Servicio de la Hacienda Pública.
9 (RLIN) 5951
852 ## - LOCALIZACIÓN
Ubicación ES-MaACL
Número de control de estantería C-35720
Sublocalización o colección R.69080
Holdings
Estatus retirado Estado de pérdida Estado de daño No para préstamo Biblioteca de origen Biblioteca actual Ubicación en estantería Fecha de adquisición Fuente de adquisición Total de préstamos Signatura topográfica completa Código de barras Visto por última vez Precio de reemplazo Tipo de ítem Koha
        Biblioteca del Ateneo de Madrid Biblioteca del Ateneo de Madrid Depósito 2 17/01/2008     C-35720 1042680 23/02/2023 23/02/2023 Libro impreso